Veľkú časť rokovania zabrali poslancom majetkovoprávne záležitosti

Podrobná bibliografia
Médium: Článok
Jazyk:slovenčina
Predmet:

MARC

LEADER 00000nab a2200000 ar4500
001 vtls008963233
003 SK-MaSNL
005 20260303070744.0
008 070412c2007 xo wr|p|||||||000 b|slo
038 |a PPPK 
040 |a PPPKCL  |b slo  |c PPPK  |e AACR2 
041 0 |a slo 
044 |a xo  |c SK 
080 |a 352:06.053  |2 1997 
080 |a 06.053  |2 1997 
245 0 0 |a Veľkú časť rokovania zabrali poslancom majetkovoprávne záležitosti  |c [autor] (pmm) 
610 1 7 |a Poprad (Slovensko)  |b Mestské zastupiteľstvo  |p (3. riadne zasadanie :  |d 29. marec 2007)  |2 pppkcl  |9 1063431 
648 7 |a marec 2007  |2 pppkcl  |9 1032915 
650 0 7 |a zasadnutia mestského zastupiteľstva  |2 pppkcl  |9 1032409 
651 7 |a Poprad (Slovensko)  |2 pppkcl  |9 20155 
773 0 |t Poprad : noviny občanov mesta  |g Roč. XVIII, č. 26-27 (2007), s. 4 
852 |a PPPK  |b KIS3GCP 
999 |c 1756784  |d 1758714